Biggest easternmost and westernmost cities - Statistics

General Stats
  • This quiz has been taken 44 times
    16 since last reset
  • The average score is 14 of 19
Answer Stats
Longitude Population City % Correct
139°41'E 40.8 M Tokyo
100%
174°44'E 1.45 M Auckland
93%
122°24'W 7.95 M San Francisco
93%
151°12'E 4.92 M Sydney
93%
153°01'E 3.27 M Brisbane
87%
113°15'E 67.8 M Guangzhou
87%
118°15'W 17.7 M Los Angeles
87%
144°57'E 4.95 M Melbourne
87%
99°08'W 24.9 M Mexico City
80%
123°06'W 3.02 M Vancouver
80%
157°51'W 1.01 M Honolulu
73%
72°52'E 26.6 M Mumbai
73%
174°46'E 212 k Wellington
73%
77°13'E 33.4 M Delhi
67%
178°26'E 185 k Suva
67%
171°45'W 35.9 k Apia
53%
175°12'W 34.1 k Nuku'alofa
53%
179°22'E 26.6 k Labasa
13%
178°32'E 57.8 k Nausori
7%
No matching quizzes found
Score Distribution
Percent of People with Each Score
Percentile by Number Answered
Your Score History
You have not taken this quiz since the last reset